| 000 | 00705nam a22002177a 4500 | ||
|---|---|---|---|
| 005 | 20210325181432.0 | ||
| 008 | s2545 th tha d | ||
| 020 | _a9749086759 | ||
| 041 | _atha | ||
| 050 | _aRC392 ส584ค 2545 | ||
| 100 | 0 | _aสันติภาพ ไชยวงศ์เกียรติ | |
| 245 | 1 | 0 | _aคู่มือไมเกรน |
| 246 | _aMigraine | ||
| 260 | 3 |
_aกรุงเทพฯ : _bใกล้หมอ, _c2545 |
|
| 300 |
_a135 หน้า : _b ภาพประกอบ, ตาราง ; _c 21 ซม. |
||
| 650 | 0 | 4 | _aไมเกรน |
| 850 | _aNALT | ||
| 942 | _cGB | ||
| 997 | _c000000000011859 | ||
| 998 | _aSAIPHON DEENGAM | ||
| 999 |
_c11859 _d11859 |
||